00463 2200181 4500001002100000005001500021008004100036020001800077035001900095041000700114082001000121090001600131100002000147245002700167260003700194300001800231650003200249INLIS00000000001520620241224114905241224||||||||| | ||| |||| || |  a979-692-265-7 0010-1224015206 aid0 a574.5 a574.5 NUR m0 aDewi Nurmayanti00aMenyelami Rahasia Laut aBandungbRemaja Rosdakaryac2007 a36hlm;21x30cm 0aIlmu ilmu tentang kehidupan